Выход, пространственное и энергетическое распределение нейтронов от бетатронов с энергией до 25 Мэв; Сборник тезисов докладов первой научной сессии вузов, объединенных Западно-Сибирским советом по координации научно-исследовательской работы (19-23 февраля 1963 г.); Вып. 3

Dades bibliogràfiques
Parent link:Сборник тезисов докладов первой научной сессии вузов, объединенных Западно-Сибирским советом по координации научно-исследовательской работы (19-23 февраля 1963 г.): в 3 вып./ СССР, Министерство высшего и среднего специального образования ; гл. ред. К. В. Савицкий.— , 1963
Вып. 3.— 1963.— С. 116-117
Altres autors: Берзин А. К., Мещеряков Р. П., Яковлев Б. М., Ятис А. А.
Idioma:rus
Publicat: 1963
Matèries:
Format: MixedMaterials Capítol de llibre
KOHA link:https://koha.lib.tpu.ru/cgi-bin/koha/opac-detail.pl?biblionumber=187266

MARC

LEADER 00000naa2a2200000 4500
001 187266
005 20231031173928.0
035 |a (RuTPU)RU\TPU\book\203196 
035 |a RU\TPU\tpu\5079 
090 |a 187266 
100 |a 20101112d1963 k y0rusy50 ca 
101 0 |a rus 
102 |a RU 
200 1 |a Выход, пространственное и энергетическое распределение нейтронов от бетатронов с энергией до 25 Мэв  |f А. К. Берзин [и др.] 
461 0 |0 (RuTPU)RU\TPU\book\168745  |t Сборник тезисов докладов первой научной сессии вузов, объединенных Западно-Сибирским советом по координации научно-исследовательской работы (19-23 февраля 1963 г.)  |o в 3 вып.  |f СССР, Министерство высшего и среднего специального образования ; гл. ред. К. В. Савицкий  |d 1963 
463 0 |0 (RuTPU)RU\TPU\book\128725  |t Вып. 3  |v С. 116-117  |d 1963  |p 129 с. 
610 1 |a электроника 
610 1 |a труды учёных ТПУ 
610 1 |a ускорители 
701 1 |a Берзин  |b А. К. 
701 1 |a Мещеряков  |b Р. П. 
701 1 |a Яковлев  |b Б. М. 
701 1 |a Ятис  |b А. А. 
801 0 |a RU  |b 63413507  |c 20011210  |g PSBO 
801 2 |a RU  |b 63413507  |c 20101112  |g PSBO 
942 |c BK